Dzielnice Bielska-Białej - Statystyki

Ogólne statystyki
  • Ten quiz został rozwiązany 265 razy
  • Średni wynik to 9 z 18
Statystyki odpowiedzi
Litera Dzielnica % Poprawnych
K Komorowice
80%
L Lipnik
80%
W Wapienica
77%
H Hałcnów
68%
M Mikuszowice
68%
A Aleksandrowice
66%
S Stare Bielsko
63%
S Straconka
59%
K Kamienica
55%
Z Złote Łany
54%
L Leszczyny
51%
O Olszówka
45%
G Górne Przedmieście
31%
S Stare Miasto
31%
O Obszary
29%
D Dolne Przedmieście
26%
B Biała Krakowska
20%
Ż Żywieckie Przedmieście
17%
Nie znaleziono quizów pasujących do podanych kryteriów
Rozkład punktacji
Procent ludzi z każdym wynikiem
Percentyl według liczby udzielonych odpowiedzi
Twoja historia wyników
Nie rozwiązałeś tego quizu